000 00505nam a2200193Ia 4500
999 _c14810
_d14810
003 OSt
005 20201116130413.0
008 190216s9999||||xx |||||||||||||| ||und||
020 _a9788176499552
040 _coclc
082 _a423.1
_bAMM/C
100 _aAmmer, Christine
_96618
245 0 _aCliches /
_cChristine Ammer
250 _a1st
260 _bViva Book,
_c2005.
_aNew delhi;
300 _a488p
650 _aEnglish
942 _cBK
_2ddc
_h423.1
_iAMM/C
_k423.1
_mAMM/C